<?xml version='1.0' encoding='UTF-8'?>
  <record xmlns="http://www.loc.gov/MARC21/slim">
    <leader>00000cam a2200000 i 4500</leader>
    <controlfield tag="001">ocm68930124</controlfield>
    <controlfield tag="003">OCoLC</controlfield>
    <controlfield tag="005">20260127195700.2</controlfield>
    <controlfield tag="008">960314s1873    ne            000 0 dut d</controlfield>
    <datafield tag="040" ind1=" " ind2=" ">
      <subfield code="a">NLGGC</subfield>
      <subfield code="b">dut</subfield>
      <subfield code="e">fobidrtb</subfield>
      <subfield code="c">NLGGC</subfield>
      <subfield code="d">QGE</subfield>
      <subfield code="d">L2U</subfield>
      <subfield code="d">OCLCO</subfield>
      <subfield code="d">OCLCL</subfield>
      <subfield code="d">OCLCQ</subfield>
    </datafield>
    <datafield tag="029" ind1="0" ind2=" ">
      <subfield code="a">NLGGC</subfield>
      <subfield code="b">146379306</subfield>
    </datafield>
    <datafield tag="035" ind1=" " ind2=" ">
      <subfield code="a">(OCoLC)68930124</subfield>
    </datafield>
    <datafield tag="084" ind1=" " ind2=" ">
      <subfield code="a">06.14</subfield>
      <subfield code="2">bcl</subfield>
    </datafield>
    <datafield tag="090" ind1=" " ind2=" ">
      <subfield code="a">Z8398.63</subfield>
      <subfield code="b">1873</subfield>
    </datafield>
    <datafield tag="245" ind1="0" ind2="0">
      <subfield code="a">Catalogus van de belangrijke verzameling boeken, handschriften, autografen en diverse voorwerpen, verzameld door den weled. gestr. heer S. Gille Heringa,... bevattende eene zeer groote verzameling boeken over Nederlandsche letterkunde, een groot aantal pamfletten over Ned. geschiedenis, een uitmuntende verzameling psalmberijmingen, enz. enz. :</subfield>
      <subfield code="b">de verkooping zal plaats hebben ... op Maandag, 8 december 1873 ... door en ten huize van J.L. Beijers, Boekhandelaar ..</subfield>
    </datafield>
    <datafield tag="260" ind1=" " ind2=" ">
      <subfield code="a">Utrecht :</subfield>
      <subfield code="b">J.L. Beijers,</subfield>
      <subfield code="c">1873.</subfield>
    </datafield>
    <datafield tag="300" ind1=" " ind2=" ">
      <subfield code="a">132, 27 p. ;</subfield>
      <subfield code="c">21 cm.</subfield>
    </datafield>
    <datafield tag="336" ind1=" " ind2=" ">
      <subfield code="a">tekst</subfield>
      <subfield code="b">txt</subfield>
      <subfield code="2">rdacontent/dut</subfield>
    </datafield>
    <datafield tag="337" ind1=" " ind2=" ">
      <subfield code="a">zonder medium</subfield>
      <subfield code="b">n</subfield>
      <subfield code="2">rdamedia/dut</subfield>
    </datafield>
    <datafield tag="338" ind1=" " ind2=" ">
      <subfield code="a">band</subfield>
      <subfield code="b">nc</subfield>
      <subfield code="2">rdacarrier/dut</subfield>
    </datafield>
    <datafield tag="530" ind1=" " ind2=" ">
      <subfield code="a">Boek wordt verfilmd Metamorfoze UBU.</subfield>
    </datafield>
    <datafield tag="530" ind1=" " ind2=" ">
      <subfield code="a">Titel is geselecteerd voor digitalisering voor de Universiteit van Leiden in het kader van het Google Books-project.</subfield>
    </datafield>
    <datafield tag="600" ind1="1" ind2="4">
      <subfield code="a">Gille Heringa, Salomo,</subfield>
      <subfield code="c">zie ook A. van Berkel,</subfield>
      <subfield code="d">1816-1895.</subfield>
      <subfield code="0">(NL-LeOCL)069653909</subfield>
    </datafield>
    <datafield tag="650" ind1=" " ind2="7">
      <subfield code="a">06.14 catalogues and inventories of manuscripts.</subfield>
      <subfield code="0">(NL-LeOCL)077609654</subfield>
      <subfield code="2">bcl</subfield>
    </datafield>
    <datafield tag="650" ind1="1" ind2="7">
      <subfield code="a">Boekenveilingen.</subfield>
      <subfield code="2">gtt</subfield>
      <subfield code="0">(NL-LeOCL)078456517</subfield>
    </datafield>
    <datafield tag="600" ind1="1" ind2="7">
      <subfield code="a">Gille Heringa, Salomo,</subfield>
      <subfield code="d">1816-1895.</subfield>
      <subfield code="0">(NL-LeOCL)069653909</subfield>
      <subfield code="2">nta</subfield>
    </datafield>
    <datafield tag="655" ind1=" " ind2="7">
      <subfield code="a">Veilingcatalogi (vorm)</subfield>
      <subfield code="2">gtt</subfield>
      <subfield code="0">(NL-LeOCL)088145069</subfield>
    </datafield>
    <datafield tag="700" ind1="1" ind2=" ">
      <subfield code="a">Gille Heringa, S.</subfield>
      <subfield code="q">(Salomo),</subfield>
      <subfield code="d">1816-1895.</subfield>
      <subfield code="4">col</subfield>
      <subfield code="1">https://id.oclc.org/worldcat/entity/E39PCjrfF7fD9Jhcx8JWvVtBj3</subfield>
    </datafield>
    <datafield tag="700" ind1="1" ind2=" ">
      <subfield code="a">Beijers, J.L.</subfield>
      <subfield code="q">(Jan Leendert),</subfield>
      <subfield code="d">1838-1899.</subfield>
      <subfield code="4">auc</subfield>
      <subfield code="1">https://id.oclc.org/worldcat/entity/E39PCjKJq7wwW6Bc6TWDvxjmYd</subfield>
    </datafield>
    <datafield tag="710" ind1="2" ind2=" ">
      <subfield code="a">J. L. Beijers (Utrecht)</subfield>
    </datafield>
    <datafield tag="776" ind1="0" ind2=" ">
      <subfield code="t">Catalogus van de belangrijke verzameling boeken, handschriften, autografen en diverse voorwerpen, verzameld door den weled. gestr. heer S. Gille Heringa,... bevattende eene zeer groote verzameling boeken over Nederlandsche letterkunde, een groot aantal pamfletten over Ned. geschiedenis, een uitmuntende verzameling psalmberijmingen, enz. enz.</subfield>
      <subfield code="w">(NL-LeOCL)411574760</subfield>
    </datafield>
    <datafield tag="936" ind1=" " ind2=" ">
      <subfield code="a">BATCHLOAD</subfield>
    </datafield>
  </record>